<?xml version="1.0" encoding="UTF-8"?>
<record
    xmlns:xsi="http://www.w3.org/2001/XMLSchema-instance"
    xsi:schemaLocation="http://www.loc.gov/MARC21/slim http://www.loc.gov/standards/marcxml/schema/MARC21slim.xsd"
    xmlns="http://www.loc.gov/MARC21/slim">

  <leader>00641nam a22001817a 4500</leader>
  <controlfield tag="005">20260509123408.0</controlfield>
  <controlfield tag="008">260509b        |||||||| |||| 00| 0 eng d</controlfield>
  <datafield tag="020" ind1=" " ind2=" ">
    <subfield code="a">9789364405393</subfield>
  </datafield>
  <datafield tag="040" ind1=" " ind2=" ">
    <subfield code="a">SGVU Library </subfield>
    <subfield code="c">SGVU Library </subfield>
  </datafield>
  <datafield tag="082" ind1=" " ind2=" ">
    <subfield code="2">22</subfield>
    <subfield code="a">631.</subfield>
    <subfield code="b">ROR  A</subfield>
  </datafield>
  <datafield tag="100" ind1=" " ind2=" ">
    <subfield code="a">Rout Rajendra Kumar and Gantayat Balabhadra Prasad </subfield>
    <subfield code="9">40301</subfield>
  </datafield>
  <datafield tag="245" ind1=" " ind2=" ">
    <subfield code="a">A Textbook On Farming Based Livelihood Systems </subfield>
    <subfield code="h">English </subfield>
  </datafield>
  <datafield tag="260" ind1=" " ind2=" ">
    <subfield code="a">New Delhi , India </subfield>
    <subfield code="b">Kalyani Publishers</subfield>
    <subfield code="c">2026</subfield>
  </datafield>
  <datafield tag="300" ind1=" " ind2=" ">
    <subfield code="a">10.18p</subfield>
    <subfield code="b">PB</subfield>
  </datafield>
  <datafield tag="650" ind1=" " ind2=" ">
    <subfield code="a">Agriculture</subfield>
    <subfield code="y">G4761</subfield>
    <subfield code="9">40302</subfield>
  </datafield>
  <datafield tag="700" ind1=" " ind2=" ">
    <subfield code="a">Rout Manoj Kumar and Majhi Tejaswini , Sethi Binodini</subfield>
    <subfield code="9">40303</subfield>
  </datafield>
  <datafield tag="942" ind1=" " ind2=" ">
    <subfield code="2">ddc</subfield>
    <subfield code="c">BOOKS</subfield>
    <subfield code="k">631. ROR  A</subfield>
  </datafield>
  <datafield tag="999" ind1=" " ind2=" ">
    <subfield code="c">90278</subfield>
    <subfield code="d">90278</subfield>
  </datafield>
  <datafield tag="952" ind1=" " ind2=" ">
    <subfield code="0">0</subfield>
    <subfield code="1">0</subfield>
    <subfield code="2">ddc</subfield>
    <subfield code="4">0</subfield>
    <subfield code="7">0</subfield>
    <subfield code="a">SGVU</subfield>
    <subfield code="b">SGVU</subfield>
    <subfield code="d">2026-05-09</subfield>
    <subfield code="e">KALYANI PUBLISHERS</subfield>
    <subfield code="g">395.00</subfield>
    <subfield code="l">0</subfield>
    <subfield code="o">631. ROR  A</subfield>
    <subfield code="p">G4761</subfield>
    <subfield code="r">2026-05-09 12:35:07</subfield>
    <subfield code="v">395.00</subfield>
    <subfield code="w">2026-05-09</subfield>
    <subfield code="y">BOOKS</subfield>
  </datafield>
</record>
